| Tag |
First Indicator |
Second Indicator |
Subfields |
| LEADER |
00000cam a2200000 i 4500 |
| 001 |
in00000034715 |
| 005 |
20151007062014.0 |
| 008 |
751003m19409999mx abcf 00010 spa d |
| 010 |
|
|
|a agr41000635
|
| 035 |
|
|
|a (OCoLC)01672611
|
| 035 |
|
|
|9 AAD3728AM
|
| 040 |
|
|
|a AGL
|c AGL
|d TXA
|d UtOrBLW
|
| 049 |
|
|
|a TXAM
|
| 070 |
|
|
|a HD1741.M6
|b O2
|
| 092 |
|
|
|a 631.7
|b M611o
|
| 110 |
1 |
|
|a Mexico.
|b Comisión Nacional de Irrigación.
|
| 242 |
0 |
4 |
|a The work of the National Commission on Irrigation during the regime of Sr. Gral. of Division Lazaro Cardenas 1934-1940.
|
| 245 |
1 |
3 |
|a La Obra de la Comision Nacional de Irrigacion durante el regimen del Sr. Gral. de Division Lazaro Cardenas, 1934-1940.
|
| 264 |
|
1 |
|a Mexico :
|b D.F.,
|c 1940.
|
| 300 |
|
|
|a volumes :
|b illustrations, plates, portraits, maps (part. folded) fascsims., tables, diagrams ;
|c 27 cm.
|
| 336 |
|
|
|a text
|b txt
|2 rdacontent
|
| 337 |
|
|
|a unmediated
|b n
|2 rdamedia
|
| 338 |
|
|
|a volume
|b nc
|2 rdacarrier
|
| 500 |
|
|
|a At head of title: Estados unidos mexicanos.
|
| 610 |
1 |
0 |
|a Mexico.
|b Comisión Nacional de Irrigación.
|
| 650 |
|
0 |
|a Irrigation
|z Mexico.
|
| 650 |
|
0 |
|a Research, Industrial.
|
| 999 |
|
|
|a MARS
|
| 999 |
f |
f |
|s 817de3f2-6477-39d1-a6fc-b67fd91a1a76
|i 93e4df9e-b84c-368f-a579-13c6515ece82
|t 0
|
| 952 |
f |
f |
|p ric
|a Texas A&M University
|b Rellis Campus
|c Joint Library Facility
|d Remote Storage
|t 0
|e HD1741.M6 O2
|h Library of Congress classification
|i unmediated -- volume
|k t.2
|m A14801068278
|
| 998 |
f |
f |
|a HD1741.M6 O2
|s t.2
|t 0
|l Remote Storage
|